000 00701nam a22002537a 4500
005 20250729162542.0
008 210107b1997 xxu||||| |||| 00| 0 spa d
020 _a9968702099
041 _aESP
082 _a574.5 G216b
100 _aGarcía V., Randall
245 _aBiología de la conservación y áreas silvestres protegidas: situación actual y perspectivas en Costa Rica
260 _aCosta Rica
260 _bINBIO
260 _c1997
300 _a64 páginas
490 _aTurismo
650 _aCOSTA RICA
650 _aRECURSOS NATURALES
650 _aÁREAS SILVESTRES
650 _aCONSERVACIÓN DE LOS RECURSOS NATURALES
650 _aBIODIVERSIDAD
942 _cBK
_2ddc
999 _c12845
_d12845